<?xml version="1.0" encoding="UTF-8"?><?xml-stylesheet type="text/xsl" href="static/style.xsl"?><OAI-PMH xmlns="http://www.openarchives.org/OAI/2.0/" xmlns:xsi="http://www.w3.org/2001/XMLSchema-instance" xsi:schemaLocation="http://www.openarchives.org/OAI/2.0/ http://www.openarchives.org/OAI/2.0/OAI-PMH.xsd"><responseDate>2026-06-01T06:02:19Z</responseDate><request verb="GetRecord" identifier="oai:riuma.uma.es:10630/28507" metadataPrefix="marc">https://riuma.uma.es/rest/oai/request</request><GetRecord><record><header><identifier>oai:riuma.uma.es:10630/28507</identifier><datestamp>2026-02-03T10:52:13Z</datestamp><setSpec>com_10630_2254</setSpec><setSpec>col_10630_37953</setSpec></header><metadata><record xmlns="http://www.loc.gov/MARC21/slim" xmlns:dcterms="http://purl.org/dc/terms/" xmlns:doc="http://www.lyncode.com/xoai" xmlns:xsi="http://www.w3.org/2001/XMLSchema-instance" xsi:schemaLocation="http://www.loc.gov/MARC21/slim http://www.loc.gov/standards/marcxml/schema/MARC21slim.xsd">
   <leader>00925njm 22002777a 4500</leader>
   <datafield ind2=" " ind1=" " tag="042">
      <subfield code="a">dc</subfield>
   </datafield>
   <datafield ind2=" " ind1=" " tag="720">
      <subfield code="a">Japutra, Arnold</subfield>
      <subfield code="e">author</subfield>
   </datafield>
   <datafield ind2=" " ind1=" " tag="720">
      <subfield code="a">Molinillo-Jiménez, Sebastián</subfield>
      <subfield code="e">author</subfield>
   </datafield>
   <datafield ind2=" " ind1=" " tag="720">
      <subfield code="a">Utami, Ami Fitri</subfield>
      <subfield code="e">author</subfield>
   </datafield>
   <datafield ind2=" " ind1=" " tag="720">
      <subfield code="a">Ekaputra, Irwan Adi</subfield>
      <subfield code="e">author</subfield>
   </datafield>
   <datafield ind2=" " ind1=" " tag="260">
      <subfield code="c">2022-06-01</subfield>
   </datafield>
   <datafield ind2=" " ind1=" " tag="520">
      <subfield code="a">This research explores the drivers of customer engagement behavior with mobile commerce applications (m-commerce apps), using the stimulus (S), organism (O), and response (R) framework. Customer engagement is conceptualized through four dimensions: co-developing, influencing, augmenting, and mobilizing behavior. The proposed model was tested using data collected from 717 users of m-commerce apps through an online survey. This study shows that relative advantage and perceived challenge positively influence customer perceptions of enjoyment and control, which leads to higher customer engagement behavior. Customers’ perceived enjoyment was also found to mediate the relationship between perceived relative advantage, perceived challenge, and three customer engagement dimensions (i.e., co-developing, influencing, and mobilizing behavior). By studying the factors that might be able to develop customers’ engagement behavior in m-commerce app settings, this research is a novel contribution to the literature, as previous studies in mobile apps focused more on adoption than user engagement behavior.</subfield>
   </datafield>
   <datafield ind1="8" ind2=" " tag="024">
      <subfield code="a">Japutra, A., Molinillo, S., Utami, A. F., &amp; Ekaputra, I. A. (2022). Exploring the effect of relative advantage and challenge on customer engagement behavior with mobile commerce applications. Telematics and Informatics, 72, 101841</subfield>
   </datafield>
   <datafield ind1="8" ind2=" " tag="024">
      <subfield code="a">https://hdl.handle.net/10630/28507</subfield>
   </datafield>
   <datafield ind1="8" ind2=" " tag="024">
      <subfield code="a">10.1016/j.tele.2022.101841</subfield>
   </datafield>
   <datafield tag="653" ind2=" " ind1=" ">
      <subfield code="a">Cosumidores - Hábitos y conducta</subfield>
   </datafield>
   <datafield tag="653" ind2=" " ind1=" ">
      <subfield code="a">Internet - Compra</subfield>
   </datafield>
   <datafield ind2="0" ind1="0" tag="245">
      <subfield code="a">Exploring the effect of relative advantage and challenge on customer engagement behavior with mobile commerce applications.</subfield>
   </datafield>
</record>
</metadata></record></GetRecord></OAI-PMH>